Online shopping system (Record no. 97253)

MARC details
000 -LEADER
fixed length control field 00366nam a2200145Ia 4500
008 - FIXED-LENGTH DATA ELEMENTS--GENERAL INFORMATION
fixed length control field 230128s9999 xx 000 0 und d
041 ## - LANGUAGE CODE
Language code of text/sound track or separate title eng
082 ## - DEWEY DECIMAL CLASSIFICATION NUMBER
Classification number DIW PR0222
Item number DIW
100 ## - MAIN ENTRY--PERSONAL NAME
Personal name Diwan Poonam V(2K4208)
9 (RLIN) 118955
245 ## - TITLE STATEMENT
Title Online shopping system
260 ## - PUBLICATION, DISTRIBUTION, ETC. (IMPRINT)
Date of publication, distribution, etc. 2006
Name of publisher, distributor, etc. Pune University
Place of publication, distribution, etc. Pune
300 ## - PHYSICAL DESCRIPTION
Extent 152p
502 ## - DISSERTATION NOTE
Name of granting institution Dhamdhere S

No items available.